[Event "Salalah Dhofar op"]
[White "Salim Issa, Ali Shamas"]
[Black "Arunachalam, Nachiappan"]
[Site "Salalah"]
[Round "5"]
[Result "1/2-1/2"]
[Date "2024.07.27"]
[WhiteElo "1826"]
[BlackElo "1656"]
[PlyCount "113"]
[EventDate "2024.07.25"]
[EventType "swiss"]
[EventRounds "7"]
[EventCountry "OMN"]
[SourceTitle "EXT 2025"]
[Source "ChessBase"]
[SourceDate "2024.10.14"]
[SourceVersion "1"]
[SourceVersionDate "2024.10.14"]
[SourceQuality "1"]

1. d4 Nf6 2. c4 d5 3. Nc3 c6 4. e3 Bf5 5. Bd3 Bxd3 6. Qxd3 e6 7. Nge2 Nbd7 8. 0-0 Bd6 9. f4 dxc4 10. Qxc4 Nb6 11. Qb3 0-0 12. a4 Rb8 13. e4 Bc7 14. h3 Re8 15. Be3 h5 16. Rfd1 Nbd7 17. Bf2 Bb6 18. Qa3 a5 19. Qb3 Qc7 20. Rac1 Ba7 21. e5 Nh7 22. Ne4 Nb6 23. Nd6 Re7 24. Nc3 Nd5 25. Nxd5 exd5 26. Nf5 Rd7 27. Qf3 b5 28. axb5 Rxb5 29. Rc2 Qb6 30. Rdd2 g6 31. Nd6 Rb3 32. Qd1 Bb8 33. Rxc6 Qxc6 34. Qxb3 Bxd6 35. exd6 Qxd6 36. Re2 Qxf4 37. Be3 Qf6 38. Qb8+ Qd8 39. Qb5 Nf8 40. Bd2 Ne6 41. Bc3 Qc7 42. Re5 Rd6 43. Rxd5 Rxd5 44. Qxd5 Qa7 45. g3 a4 46. Kh2 a3 47. Qa2 axb2 48. Qxb2 Nc7 49. Qb3 Ne6 50. Qb2 Nc7 51. Qe2 Nd5 52. Qe8+ Kh7 53. Bd2 Qe7 54. Qxe7 Nxe7 55. Kg2 Kg7 56. Kf3 Kf6 57. Ke4 1/2-1/2

[Event "OMA-ch 11th"]
[White "Al Hadabi, Saddam"]
[Black "Salim Issa, Ali Shamas"]
[Site "Muscat"]
[Round "6"]
[Result "1-0"]
[Date "2024.01.28"]
[WhiteElo "1437"]
[BlackElo "1754"]
[PlyCount "81"]
[EventDate "2024.01.24"]
[EventType "swiss"]
[EventRounds "9"]
[EventCountry "OMN"]
[SourceTitle "CBM 218 Extra"]
[Source "ChessBase"]
[SourceDate "2024.03.31"]
[SourceVersion "1"]
[SourceVersionDate "2024.03.31"]
[SourceQuality "1"]

1. c4 Nf6 2. Nc3 e6 3. e4 d6 4. g3 Nc6 5. d4 g6 6. Bg2 Bg7 7. Nge2 0-0 8. 0-0 a6 9. Bg5 h6 10. Be3 Ng4 11. Bd2 Kh7 12. h3 Nf6 13. Qc2 Ng8 14. Be3 Nb4 15. Qd2 Nc6 16. Rad1 Qe7 17. f4 Re8 18. e5 Rd8 19. Qc2 dxe5 20. Bxc6 exd4 21. Nxd4 Bxd4 22. Bxd4 bxc6 23. Kh2 Bd7 24. Be5 Be8 25. b3 f6 26. Bd4 a5 27. Qb2 c5 28. Be3 Bc6 29. Qf2 Rxd1 30. Rxd1 Rd8 31. Bxc5 Rxd1 32. Nxd1 Qd8 33. Qd4 Qa8 34. Nf2 h5 35. g4 h4 36. g5 f5 37. Qe5 Bh1 38. Qxc7+ Ne7 39. Qxe7+ Kg8 40. Qxe6+ Kh7 41. Qf7+ 1-0

[Event "OMA-ch 11th"]
[White "Al Aisaee, Anat"]
[Black "Salim Issa, Ali Shamas"]
[Site "Muscat"]
[Round "2"]
[Result "1-0"]
[Date "2024.01.25"]
[WhiteElo "1439"]
[BlackElo "1754"]
[PlyCount "63"]
[EventDate "2024.01.24"]
[EventType "swiss"]
[EventRounds "9"]
[EventCountry "OMN"]
[SourceTitle "CBM 218 Extra"]
[Source "ChessBase"]
[SourceDate "2024.03.31"]
[SourceVersion "1"]
[SourceVersionDate "2024.03.31"]
[SourceQuality "1"]

1. e4 Nf6 2. e5 Nd5 3. c4 Nb6 4. d4 d6 5. exd6 exd6 6. Nc3 Bf5 7. Be3 Be7 8. Qf3 Qc8 9. c5 Bg4 10. Qg3 dxc5 11. dxc5 0-0 12. cxb6 axb6 13. Be2 Bf5 14. Nf3 Nc6 15. 0-0 Nb4 16. Nd4 Bg6 17. a3 Nc6 18. Nxc6 bxc6 19. Bf3 Qb7 20. Nb5 Bd3 21. Nd4 Bxf1 22. Bxc6 Qc8 23. Bxa8 Ba6 24. Be4 Bd6 25. Qh4 f5 26. Bd5+ Kh8 27. Ne6 Rf6 28. Nxg7 Kxg7 29. Bd4 Be7 30. Qg5+ Kf8 31. Bxf6 Qd7 32. Qg8# 1-0

[Event "OMA-ch"]
[White "Al Hosni, Khalfan"]
[Black "Salim Issa, Ali Shamas"]
[Site "Muscat"]
[Round "7"]
[Result "0-1"]
[Date "2022.02.15"]
[WhiteElo "1657"]
[BlackElo "1842"]
[PlyCount "70"]
[EventDate "2022.02.10"]
[EventType "swiss"]
[EventRounds "9"]
[EventCountry "OMN"]
[SourceTitle "EXT 2023"]
[Source "ChessBase"]
[SourceDate "2022.10.05"]
[SourceVersion "1"]
[SourceVersionDate "2022.10.05"]
[SourceQuality "1"]

1. e4 Nf6 2. e5 Nd5 3. c4 Nb6 4. d4 d6 5. f4 dxe5 6. fxe5 Nc6 7. Be3 Bf5 8. Nc3 e6 9. Nf3 Bg4 10. Be2 Bxf3 11. gxf3 Be7 12. 0-0 Qd7 13. Qd2 0-0 14. Kh1 Rad8 15. Rad1 f6 16. f4 fxe5 17. fxe5 Rxf1+ 18. Bxf1 Qe8 19. Qg2 Kh8 20. Qe4 Qh5 21. Be2 Qh4 22. Qxh4 Bxh4 23. Ne4 Be7 24. a3 Na5 25. Nd2 Nc6 26. Ne4 Na4 27. Rd2 Nb6 28. Kg2 Na5 29. Bg5 Rd7 30. Bxe7 Rxe7 31. c5 Nd5 32. b4 Nb3 33. Rb2 Nxd4 34. Bg4 h5 35. Bh3 g5 0-1

[Event "OMA-ch"]
[White "Salim Issa, Ali Shamas"]
[Black "Al Mamari, Ali Abdullah"]
[Site "Muscat"]
[Round "2"]
[Result "0-1"]
[Date "2022.02.11"]
[WhiteElo "1842"]
[BlackElo "1545"]
[PlyCount "88"]
[EventDate "2022.02.10"]
[EventType "swiss"]
[EventRounds "9"]
[EventCountry "OMN"]
[SourceTitle "EXT 2023"]
[Source "ChessBase"]
[SourceDate "2022.10.05"]
[SourceVersion "1"]
[SourceVersionDate "2022.10.05"]
[SourceQuality "1"]

1. d4 Nf6 2. c4 g6 3. Nc3 d5 4. Bg5 Ne4 5. Bf4 Nxc3 6. bxc3 Bg7 7. e3 c5 8. Bxb8 Rxb8 9. Qa4+ Bd7 10. Qxa7 cxd4 11. cxd4 0-0 12. Nf3 Ra8 13. Qc5 dxc4 14. Bxc4 Rc8 15. Qb4 Rxc4 16. Qxc4 Qa5+ 17. Nd2 Rc8 18. Qd3 Bb5 19. Qb3 e5 20. a4 Ba6 21. Qb2 exd4 22. Rc1 Re8 23. e4 Rxe4+ 24. Kd1 Be2+ 25. Ke1 Bd3+ 26. Kd1 Qxa4+ 27. Rc2 Re2 28. Kc1 Bxc2 29. Qxc2 Qa1+ 30. Qb1 Qc3+ 31. Qc2 Rxd2 32. Qxc3 dxc3 33. Rd1 Rxd1+ 34. Kxd1 b5 35. Kc2 b4 36. Kb3 Bf8 37. g3 f5 38. f4 Kf7 39. Kc2 Ke6 40. Kd3 Kd5 41. h3 Bg7 42. g4 b3 43. gxf5 gxf5 44. h4 h5 0-1

[Event "OMA-ch"]
[White "Al Harasi, Saif"]
[Black "Salim Issa, Ali Shamas"]
[Site "Muscat"]
[Round "1"]
[Result "0-1"]
[Date "2019.12.02"]
[WhiteElo "1443"]
[BlackElo "1880"]
[PlyCount "110"]
[EventDate "2019.12.02"]
[EventType "swiss"]
[EventRounds "9"]
[EventCountry "OMN"]
[SourceTitle "CBM 195 Extra"]
[Source "ChessBase"]
[SourceDate "2020.05.31"]
[SourceVersion "1"]
[SourceVersionDate "2020.05.31"]
[SourceQuality "1"]

1. e4 Nf6 2. Nc3 d5 3. exd5 Nxd5 4. Nxd5 Qxd5 5. Nf3 Bg4 6. Be2 Nc6 7. 0-0 e6 8. d4 Be7 9. c4 Qd6 10. d5 exd5 11. cxd5 Nb8 12. Qa4+ Bd7 13. Qb3 Bc8 14. Qa4+ Nd7 15. Bf4 Qb6 16. Ne5 f6 17. Nc4 Qc5 18. Be3 Qb4 19. Qxb4 Bxb4 20. a3 Be7 21. Rac1 0-0 22. Bf4 Bd8 23. Na5 Ne5 24. Nc4 Re8 25. Nxe5 fxe5 26. Bg3 Bf5 27. Rfe1 Rc8 28. Bc4 Bf6 29. Bb5 Re7 30. d6 cxd6 31. Rxc8+ Bxc8 32. Rd1 Bd7 33. Bc4+ Be6 34. Bb5 Rc7 35. h3 d5 36. f4 exf4 37. Bxf4 Rc5 38. Be8 Kh8 39. Re1 Bg8 40. Bd7 g5 41. Bd6 Rc2 42. Re8 Kg7 43. Bf8+ Kf7 44. Bh6 Be7 45. Rc8 Rxc8 46. Bxc8 Kg6 47. Bxg5 Bxg5 48. Bxb7 Bc1 49. a4 Bxb2 50. Kf2 Kf6 51. Bc6 Ke5 52. Ke2 Bf7 53. Bb5 Bg6 54. g4 Kf4 55. Bd7 Be4 0-1

[Event "OMA-chT"]
[White "Al Houti, Houd"]
[Black "Salim Issa, Ali Shamas"]
[Site "Muscat"]
[Round "8.2"]
[Result "0-1"]
[Date "2019.02.08"]
[WhiteElo "1666"]
[BlackElo "1881"]
[PlyCount "64"]
[EventDate "2019.02.02"]
[EventType "team-swiss"]
[EventRounds "9"]
[EventCountry "OMN"]
[SourceTitle "CBM 189 Extra"]
[Source "ChessBase"]
[SourceDate "2019.05.31"]
[SourceVersion "1"]
[SourceVersionDate "2019.05.31"]
[SourceQuality "1"]

1. d4 Nf6 2. Bf4 d5 3. e3 c5 4. Nf3 Nc6 5. Nbd2 Qb6 6. dxc5 Qxb2 7. Bd3 Qc3 8. 0-0 e5 9. Bg5 e4 10. Bxf6 Qxf6 11. Nxe4 dxe4 12. Bxe4 Bxc5 13. Qd5 Bb6 14. Rad1 0-0 15. Qh5 g6 16. Qh6 Ne5 17. Ng5 Qg7 18. Qh4 h6 19. Nf3 Nxf3+ 20. Bxf3 Rb8 21. Qf4 Be6 22. Bd5 Bxd5 23. Rxd5 Rbd8 24. Qc4 Rxd5 25. Qxd5 Qc3 26. Qxb7 Qxc2 27. h4 Qxa2 28. h5 Qe6 29. hxg6 fxg6 30. Rd1 Qf7 31. Rd7 Qxf2+ 32. Kh2 Qh4+ 0-1

[Event "OMA-chT"]
[White "Al Kathiri, Musallam Mustahil"]
[Black "Salim Issa, Ali Shamas"]
[Site "Muscat"]
[Round "2.2"]
[Result "0-1"]
[Date "2019.02.03"]
[WhiteElo "1599"]
[BlackElo "1881"]
[PlyCount "88"]
[EventDate "2019.02.02"]
[EventType "team-swiss"]
[EventRounds "9"]
[EventCountry "OMN"]
[SourceTitle "CBM 189 Extra"]
[Source "ChessBase"]
[SourceDate "2019.05.31"]
[SourceVersion "1"]
[SourceVersionDate "2019.05.31"]
[SourceQuality "1"]

1. e4 Nc6 2. Nc3 e6 3. Nf3 d5 4. exd5 exd5 5. d4 Bb4 6. Qd2 Nf6 7. a3 Ne4 8. Qd3 Bxc3+ 9. bxc3 0-0 10. Be2 Re8 11. Be3 Na5 12. 0-0 Nc4 13. Ne5 Nxe3 14. fxe3 f6 15. Ng4 Nd6 16. Rae1 Qe7 17. Bf3 c6 18. Re2 Bf5 19. Qd1 Qd7 20. h3 Nb5 21. Qa1 Re7 22. a4 Nd6 23. Rfe1 Rae8 24. Nh2 Bg6 25. a5 Qc7 26. a6 b6 27. h4 Nc4 28. h5 Be4 29. Qc1 Qg3 30. h6 g6 31. Rf1 Qg5 32. Qe1 f5 33. Rff2 Qxh6 34. g4 Kh8 35. gxf5 gxf5 36. Bxe4 Rxe4 37. Rf4 Qg5+ 38. Kh1 Nxe3 39. Rxe4 Rxe4 40. Qf2 f4 41. Nf3 Qh5+ 42. Kg1 Qg4+ 43. Kh1 Qh3+ 44. Nh2 Ng4 0-1

[Event "Olympiad-43"]
[White "Sezdbekov, Ruslan"]
[Black "Salim Issa, Ali Shamas"]
[Site "Batumi"]
[Round "11.4"]
[Result "1-0"]
[Date "2018.10.05"]
[WhiteElo "2160"]
[BlackElo "1885"]
[PlyCount "79"]
[EventDate "2018.09.24"]
[EventType "team-swiss"]
[EventRounds "11"]
[EventCountry "GEO"]
[SourceTitle "CBM 187"]
[Source "ChessBase"]
[SourceDate "2018.12.11"]
[SourceVersion "1"]
[SourceVersionDate "2018.12.11"]
[SourceQuality "1"]
[WhiteTeam "Kyrgyzstan"]
[BlackTeam "Oman"]
[WhiteTeamCountry "KGZ"]
[BlackTeamCountry "OMN"]

1. e4 c5 2. Nf3 Nf6 3. e5 Nd5 4. Nc3 Nb6 5. a4 a5 6. Bb5 g6 7. d4 cxd4 8. Qxd4 Bg7 9. Be3 Nc6 10. Qxb6 Qxb6 11. Bxb6 Nxe5 12. Nxe5 Bxe5 13. 0-0-0 0-0 14. Bxd7 Bxc3 15. bxc3 e6 16. Bb5 e5 17. Bc5 Bg4 18. Bxf8 Bxd1 19. Bd6 Bg4 20. Bxe5 Rd8 21. f3 Be6 22. Rd1 Ra8 23. Bf6 h5 24. g3 Kh7 25. Rd8 Rxd8 26. Bxd8 Kh6 27. Bxa5 g5 28. Bc7 Bd5 29. f4 gxf4 30. Bxf4+ Kg6 31. Kd2 Kf5 32. Ke3 Kg6 33. c4 Bg2 34. c5 Kf6 35. Kd4 Ke6 36. Bc4+ Ke7 37. Bd5 Bxd5 38. Kxd5 Kd7 39. a5 Ke7 40. c6 1-0